Kontrola rozpočtu národních výborů učební a met. příručka pro kontrolní pracovníky část 1.

Bibliographic Details
Main Author: Běťák, Antonín (Author)
Format: Book
Language:Czech
Published: [Praha] Institut kontroly 1969
Series:Učební texty Institutu kontroly v Praze

MARC

LEADER 00000nam a2200000 a 4500
001 vtls001273516
003 SK-MaSNL
005 20260301195419.0
008 251113s1969 xr 0 cze
035 |a SNK000224685 
040 |a SNK  |b slo  |c SNK  |e AACR2 
044 |a xr  |c CZ 
100 1 |a Běťák, Antonín  |4 aut  |9 577321 
245 1 0 |a Kontrola rozpočtu národních výborů  |b učební a met. příručka pro kontrolní pracovníky  |n část 1.  |c Antonín Běťák 
260 |a [Praha]  |b Institut kontroly  |c 1969 
300 |a 225 s.  |c 4° 
490 1 |a Učební texty Institutu kontroly v Praze 
830 0 |a Učební texty Institutu kontroly v Praze  |9 577322 
958 |a OND 
999 |c 885607  |d 887537 
952 |t P60, <04>, [BOOK], {604}  |a SNK  |b SNK  |y VYP  |7 0  |o snkIB 22838/1  |i snkKIP 87/70  |0 0  |1 0  |4 0  |d 1997-01-28  |l 0  |r 2005-01-01 00:00:00  |w 2026-02-24